[Event "31. Open Villa de Benasque 2011"]
[Site "Benasque ESP"]
[Date "2011.07.07"]
[Round "1.1"]
[White "Saric, Ivan"]
[Black "Sanchez Mayor, Jose"]
[Result "1-0"]
[WhiteElo "2639"]
[BlackElo "1992"]
[PlyCount "61"]
[EventDate "2011.07.07"]
[EventType "swiss"]
[EventRounds "10"]
[EventCountry "ESP"]
[Source "lmi"]
[SourceDate "2011.07.07"]

1. e4 c5 2. Nf3 a6 3. c3 Nf6 4. e5 Nd5 5. d4 cxd4 6. Bc4 Nb6 7. Bb3 e6 8. cxd4
d5 9. exd6 Bxd6 10. O-O Nc6 11. Nc3 O-O 12. Re1 Nd5 13. Bg5 Be7 14. Bxe7 Ncxe7
15. Bc2 g6 16. Qd2 Kg7 17. Ne5 b5 18. Ng4 Ng8 19. Qe2 h5 20. Qe5+ Kh7 21. Qxh5+
Kg7 22. Qe5+ Kh7 23. Ne4 f6 24. Qg3 Kg7 25. Nc5 Qe8 26. Bb3 Qf7 27. Ne3 Nge7
28. Nxd5 Nxd5 29. Qd6 Qc7 30. Nxe6+ Bxe6 31. Qxe6 1-0

[Event "31. Open Villa de Benasque 2011"]
[Site "Benasque ESP"]
[Date "2011.07.07"]
[Round "1.2"]
[White "Salido Polo, Veronica"]
[Black "Petrosian, Tigran L"]
[Result "0-1"]
[WhiteElo "1992"]
[BlackElo "2636"]
[PlyCount "84"]
[EventDate "2011.07.07"]
[EventType "swiss"]
[EventRounds "10"]
[EventCountry "ESP"]
[Source "lmi"]
[SourceDate "2011.07.07"]

1. e4 c5 2. Nf3 Nc6 3. d4 cxd4 4. Nxd4 g6 5. Nc3 Bg7 6. Be3 Nf6 7. Bc4 O-O 8.
Bb3 a5 9. f3 d6 10. Qd2 Bd7 11. a4 Ne5 12. Bh6 Rc8 13. g4 Qb6 14. Bxg7 Qxd4 15.
Qxd4 Nxf3+ 16. Kf1 Nxd4 17. Bxf8 Kxf8 18. h3 Bc6 19. Bd5 Nxc2 20. Rc1 Nb4 21.
Ke2 e6 22. Bxc6 bxc6 23. Ke3 Ke7 24. Rhd1 Rb8 25. Ne2 Nd7 26. Nd4 Ne5 27. Rc3
g5 28. b3 h6 29. Rd2 Kd7 30. Kf2 Rb6 31. Kg3 Ke7 32. Rh2 Nbd3 33. h4 Nc5 34.
Re3 Rb4 35. Rd2 Ncd7 36. Nc2 Rb8 37. hxg5 hxg5 38. Nd4 Nf6 39. Re1 Rb4 40. Kh3
c5 41. Nc2 Rxb3+ 42. Ne3 Nxe4 0-1

[Event "31. Open Villa de Benasque 2011"]
[Site "Benasque ESP"]
[Date "2011.07.07"]
[Round "1.3"]
[White "Turov, Maxim"]
[Black "Alsina Franco, Sergio"]
[Result "1-0"]
[WhiteElo "2630"]
[BlackElo "1988"]
[PlyCount "49"]
[EventDate "2011.07.07"]
[EventType "swiss"]
[EventRounds "10"]
[EventCountry "ESP"]
[Source "lmi"]
[SourceDate "2011.07.07"]

1. d4 Nf6 2. c4 d6 3. Nc3 Nbd7 4. Nf3 e5 5. Bg5 Be7 6. e3 O-O 7. Qc2 Ne8 8.
Bxe7 Qxe7 9. Bd3 h6 10. O-O-O Ndf6 11. h3 b6 12. Nh4 g5 13. Nf5 Bxf5 14. Bxf5
Ng7 15. h4 g4 16. Nd5 Nxd5 17. cxd5 h5 18. f3 exd4 19. exd4 Qe3+ 20. Kb1 Qf4
21. fxg4 hxg4 22. Rhf1 Qg3 23. Qd2 Nxf5 24. Rxf5 Qxh4 25. Qg5+ 1-0

[Event "31. Open Villa de Benasque 2011"]
[Site "Benasque ESP"]
[Date "2011.07.07"]
[Round "1.4"]
[White "Cubillo Munoz, Miguel"]
[Black "Delchev, Aleksander"]
[Result "0-1"]
[WhiteElo "1988"]
[BlackElo "2622"]
[PlyCount "54"]
[EventDate "2011.07.07"]
[EventType "swiss"]
[EventRounds "10"]
[EventCountry "ESP"]
[Source "lmi"]
[SourceDate "2011.07.07"]

1. d4 Nf6 2. c4 e6 3. Nc3 Bb4 4. e3 O-O 5. Bd3 d5 6. Nge2 dxc4 7. Bxc4 e5 8. a3
Bd6 9. dxe5 Bxe5 10. Qxd8 Rxd8 11. O-O Nc6 12. f4 Bxc3 13. Nxc3 Bf5 14. b4 Bd3
15. Bxd3 Rxd3 16. Na4 Ne4 17. Nb2 Rb3 18. Rd1 a5 19. bxa5 Nxa5 20. Rd4 f5 21.
Nc4 Nxc4 22. Rxc4 c5 23. Kf1 Rd8 24. Ke1 Rbd3 25. Ke2 Rd1 26. g4 b5 27. Rd4
Nc3+ 0-1

[Event "31. Open Villa de Benasque 2011"]
[Site "Benasque ESP"]
[Date "2011.07.07"]
[Round "1.5"]
[White "Granda Zuniga, Julio E"]
[Black "Sanchez Garcia, Manuel"]
[Result "1-0"]
[WhiteElo "2616"]
[BlackElo "1986"]
[PlyCount "57"]
[EventDate "2011.07.07"]
[EventType "swiss"]
[EventRounds "10"]
[EventCountry "ESP"]
[Source "lmi"]
[SourceDate "2011.07.07"]

1. d4 Nf6 2. c4 e6 3. Nc3 Bb4 4. e3 c5 5. Nge2 cxd4 6. exd4 d5 7. a3 Be7 8. c5
Nc6 9. b4 e5 10. dxe5 Nxe5 11. Nd4 O-O 12. Be2 Ne4 13. Bb2 Ng6 14. O-O Bf6 15.
Re1 Be5 16. Nxe4 dxe4 17. Bf1 Re8 18. g3 f5 19. f4 Bf6 20. Qb3+ Kh8 21. Rad1
Qe7 22. Bc4 Nf8 23. Nb5 Be6 24. Bxf6 gxf6 25. Nd6 Red8 26. Bxe6 Nxe6 27. Nxf5
Qf7 28. Nd6 Qg8 29. Rxe4 1-0

[Event "31. Open Villa de Benasque 2011"]
[Site "Benasque ESP"]
[Date "2011.07.07"]
[Round "1.6"]
[White "Martin, Axel"]
[Black "Andriasian, Zaven"]
[Result "0-1"]
[WhiteElo "1985"]
[BlackElo "2616"]
[PlyCount "88"]
[EventDate "2011.07.07"]
[EventType "swiss"]
[EventRounds "10"]
[EventCountry "ESP"]
[Source "lmi"]
[SourceDate "2011.07.07"]

1. e4 d6 2. d4 Nf6 3. Nc3 g6 4. f3 c6 5. Be3 Nbd7 6. Qd2 b5 7. d5 cxd5 8. Nxd5
a6 9. Qc3 Nxd5 10. exd5 Nf6 11. a4 b4 12. Qd2 Qa5 13. Bc4 Bb7 14. Bd4 Bg7 15.
Ne2 O-O 16. Nf4 Bh6 17. Kf2 Rac8 18. b3 Nxd5 19. Nxd5 Bxd5 20. Qxh6 e5 21. Be3
Bxc4 22. bxc4 Rxc4 23. Rac1 Qxa4 24. h4 Rxc2+ 25. Rxc2 Qxc2+ 26. Bd2 a5 27. h5
Rb8 28. hxg6 Qxg6 29. Qxg6+ hxg6 30. Ke3 a4 31. Rb1 b3 32. Bc1 f6 33. Ba3 d5
34. Kd3 Kf7 35. Kc3 Ke6 36. Kb2 Rc8 37. Rc1 Rxc1 38. Kxc1 f5 39. Kd2 d4 40. Kd3
Kd5 41. g3 e4+ 42. fxe4+ fxe4+ 43. Ke2 Kc4 44. Kd2 e3+ 0-1

[Event "31. Open Villa de Benasque 2011"]
[Site "Benasque ESP"]
[Date "2011.07.07"]
[Round "1.7"]
[White "Stocek, Jiri"]
[Black "Roman Lopez, Jesus"]
[Result "1-0"]
[WhiteElo "2596"]
[BlackElo "1984"]
[PlyCount "53"]
[EventDate "2011.07.07"]
[EventType "swiss"]
[EventRounds "10"]
[EventCountry "ESP"]
[Source "lmi"]
[SourceDate "2011.07.07"]

1. d4 Nf6 2. c4 g6 3. Nc3 Bg7 4. e4 O-O 5. Bd3 c5 6. d5 d6 7. Nge2 Nbd7 8. Bc2
a6 9. a4 Ne5 10. b3 Ne8 11. O-O e6 12. dxe6 fxe6 13. f3 b6 14. Be3 Ra7 15. a5
Raf7 16. Qd2 Bb7 17. axb6 Qxb6 18. h3 Nc6 19. Bh6 Bxh6 20. Qxh6 Nb4 21. Qd2 Nf6
22. Rac1 Rd8 23. Kh1 Rfd7 24. Qg5 Kg7 25. Nf4 d5 26. Na4 Qc6 27. Nxc5 1-0

[Event "31. Open Villa de Benasque 2011"]
[Site "Benasque ESP"]
[Date "2011.07.07"]
[Round "1.8"]
[White "Ambrona Castellanos, Miguel"]
[Black "Burmakin, Vladimir"]
[Result "0-1"]
[WhiteElo "1984"]
[BlackElo "2579"]
[PlyCount "82"]
[EventDate "2011.07.07"]
[EventType "swiss"]
[EventRounds "10"]
[EventCountry "ESP"]
[Source "lmi"]
[SourceDate "2011.07.07"]

1. e4 c6 2. d4 d5 3. e5 Bf5 4. h4 h5 5. c4 e6 6. Bg5 Qb6 7. Qd2 dxc4 8. Nc3 Na6
9. a3 Bd3 10. Bxd3 cxd3 11. Nf3 Nc7 12. b4 Ne7 13. O-O Ncd5 14. Qxd3 Nxc3 15.
Qxc3 Nd5 16. Qc4 Be7 17. Bxe7 Nxe7 18. Qc5 Rd8 19. Qxb6 axb6 20. b5 cxb5 21.
Rfb1 Nd5 22. Rxb5 O-O 23. Ng5 Ra8 24. Ne4 Ra4 25. Nd6 Rxd4 26. g3 Ra8 27. Rc1
Rd3 28. a4 Ra3 29. Rc4 R3xa4 30. Rxa4 Rxa4 31. Nxb7 Rb4 32. Rxb4 Nxb4 33. f4
Nd5 34. Nd6 f6 35. exf6 gxf6 36. Kf2 Kf8 37. Kf3 f5 38. Ke2 Ke7 39. Nb5 Nf6 40.
Nc3 Ne4 41. Ke3 Kf6 0-1

[Event "31. Open Villa de Benasque 2011"]
[Site "Benasque ESP"]
[Date "2011.07.07"]
[Round "1.9"]
[White "Timoshenko, Georgy"]
[Black "Bellosta Lopez, Pablo"]
[Result "1-0"]
[WhiteElo "2568"]
[BlackElo "1984"]
[PlyCount "63"]
[EventDate "2011.07.07"]
[EventType "swiss"]
[EventRounds "10"]
[EventCountry "ESP"]
[Source "lmi"]
[SourceDate "2011.07.07"]

1. e4 c5 2. Nf3 d6 3. d4 Nf6 4. Nc3 cxd4 5. Nxd4 a6 6. Be3 e5 7. Nf3 Be7 8. Bc4
Be6 9. Bb3 h6 10. O-O Nbd7 11. Nh4 Nc5 12. Bxc5 dxc5 13. Bxe6 fxe6 14. Ng6 Rg8
15. Nxe5 Bd6 16. Nc4 Bc7 17. e5 Qd4 18. exf6 Qxc4 19. Re1 Rd8 20. Qf3 gxf6 21.
Re4 Rd4 22. b3 Qxc3 23. Rxe6+ Kd7 24. Qxc3 Kxe6 25. Qxc5 Be5 26. Re1 Rdg4 27.
Qb6+ Kf5 28. Qxb7 R8g7 29. Qc8+ Kf4 30. g3+ Kg5 31. h4+ Kh5 32. Qf5+ 1-0

[Event "31. Open Villa de Benasque 2011"]
[Site "Benasque ESP"]
[Date "2011.07.07"]
[Round "1.10"]
[White "Fernandez Garcia, Javier"]
[Black "Oleksienko, Mikhailo"]
[Result "0-1"]
[WhiteElo "1982"]
[BlackElo "2564"]
[PlyCount "72"]
[EventDate "2011.07.07"]
[EventType "swiss"]
[EventRounds "10"]
[EventCountry "ESP"]
[Source "lmi"]
[SourceDate "2011.07.07"]

1. d4 Nf6 2. Nf3 e6 3. e3 b6 4. Bd3 Bb7 5. O-O c5 6. c4 Be7 7. Nc3 cxd4 8. exd4
d5 9. cxd5 Nxd5 10. Ne5 O-O 11. Qg4 f5 12. Qe2 Bf6 13. Bc4 Re8 14. Rd1 a6 15.
a4 Ra7 16. Rd3 Nc6 17. Nxc6 Bxc6 18. Qd1 Qa8 19. Nxd5 Bxd5 20. Qb3 Rd7 21. Be3
Kf7 22. Bxd5 Qxd5 23. Qxd5 Rxd5 24. f4 e5 25. fxe5 Bxe5 26. Rad1 Bf6 27. Kf2
Rc8 28. Rb3 Rc2+ 29. Kf3 g5 30. Rxb6 g4+ 31. Kg3 Be5+ 32. Bf4 Bxd4 33. Rb7+ Kg6
34. Rd2 Rxd2 35. Bxd2 Be5+ 36. Bf4 Rd3+ 0-1

[Event "31. Open Villa de Benasque 2011"]
[Site "Benasque ESP"]
[Date "2011.07.08"]
[Round "2.1"]
[White "Jordan Martinez, Miguel"]
[Black "Saric, Ivan"]
[Result "0-1"]
[WhiteElo "2189"]
[BlackElo "2639"]
[PlyCount "98"]
[EventDate "2011.07.07"]
[EventType "swiss"]
[EventRounds "10"]
[EventCountry "ESP"]
[Source "lmi"]
[SourceDate "2011.07.07"]

1. e4 c5 2. Nf3 d6 3. c3 Nf6 4. Bd3 Nc6 5. Bc2 Bg4 6. d3 e6 7. Nbd2 d5 8. h3
Bh5 9. O-O Be7 10. Re1 O-O 11. Nf1 h6 12. Ng3 Bg6 13. Bf4 Rc8 14. Ba4 Nh5 15.
Nxh5 Bxh5 16. g4 Bg6 17. Qe2 Bh7 18. Bg3 c4 19. Bc2 cxd3 20. Bxd3 dxe4 21. Bxe4
Bxe4 22. Qxe4 Qb6 23. Qe2 Rfd8 24. Rad1 Qa5 25. a3 Qa4 26. Rc1 Bf6 27. Red1 a6
28. Qc2 Rxd1+ 29. Qxd1 Qb5 30. Rc2 Na5 31. Qe2 Qxe2 32. Rxe2 Nc4 33. Be5 Bg5
34. Nxg5 hxg5 35. a4 f6 36. Bd4 e5 37. Be3 Kf7 38. b3 Na5 39. Rd2 Ke6 40. c4
Nxb3 41. Rb2 Na5 42. c5 Rc7 43. Rc2 Rd7 44. Kf1 Rd1+ 45. Ke2 Ra1 46. Rb2 Rxa4
47. Rb6+ Kd7 48. Bd2 Ra2 49. Rd6+ Kc7 0-1

[Event "31. Open Villa de Benasque 2011"]
[Site "Benasque ESP"]
[Date "2011.07.08"]
[Round "2.3"]
[White "Garcia Amoros, Pablo"]
[Black "Turov, Maxim"]
[Result "1/2-1/2"]
[WhiteElo "2185"]
[BlackElo "2630"]
[PlyCount "83"]
[EventDate "2011.07.07"]
[EventType "swiss"]
[EventRounds "10"]
[EventCountry "ESP"]
[Source "lmi"]
[SourceDate "2011.07.07"]

1. e4 e5 2. Nf3 Nc6 3. Bb5 a6 4. Bxc6 dxc6 5. O-O Ne7 6. Nxe5 Qd4 7. Nf3 Qxe4
8. Re1 Qg6 9. Ne5 Qf5 10. Nc3 Be6 11. d3 O-O-O 12. Qf3 f6 13. Qxf5 Bxf5 14. Nf7
Ng6 15. Nxh8 Nxh8 16. Bf4 Ng6 17. Bg3 Bc5 18. h3 Bd4 19. Re2 Kd7 20. Rae1 Bc5
21. Bh2 Nh8 22. Ne4 Bf8 23. g4 Bg6 24. Ng3 Bf7 25. a3 Kc8 26. Ne4 Ng6 27. Bg3
b6 28. f4 Ne7 29. Nc3 Kd7 30. f5 Ng8 31. Ne4 Ne7 32. b4 Ra8 33. c4 a5 34. b5
cxb5 35. cxb5 a4 36. Nc3 Bb3 37. Rc1 Nc8 38. Na2 Nd6 39. Nc3 Nf7 40. Nb1 Nd6
41. Nc3 Nf7 42. Nb1 1/2-1/2

[Event "31. Open Villa de Benasque 2011"]
[Site "Benasque ESP"]
[Date "2011.07.08"]
[Round "2.7"]
[White "Alvarado Diaz, Alejandro"]
[Black "Stocek, Jiri"]
[Result "0-1"]
[WhiteElo "2181"]
[BlackElo "2596"]
[PlyCount "94"]
[EventDate "2011.07.07"]
[EventType "swiss"]
[EventRounds "10"]
[EventCountry "ESP"]
[Source "lmi"]
[SourceDate "2011.07.07"]

1. c4 Nf6 2. Nc3 d5 3. cxd5 Nxd5 4. g3 Nc6 5. Bg2 Nb6 6. Nf3 Bg4 7. d3 e6 8.
O-O Be7 9. a3 O-O 10. b4 Bf6 11. Bb2 Rb8 12. Qb3 Bxf3 13. Bxf3 Nd4 14. Qd1
Nxf3+ 15. exf3 Nd5 16. Qc2 Nxc3 17. Bxc3 c6 18. f4 Rc8 19. Rfd1 Bxc3 20. Qxc3
Rc7 21. a4 Rd7 22. Rab1 Rd5 23. Qc4 g6 24. b5 c5 25. b6 axb6 26. a5 bxa5 27.
Rxb7 Qa8 28. Rb5 Rfd8 29. Rxc5 Rxc5 30. Qxc5 a4 31. Ra1 Rd5 32. Qa3 Ra5 33. Rc1
Qf8 34. Qc3 Ra8 35. Ra1 a3 36. Qb3 Qc5 37. h4 h5 38. Kf1 Kf8 39. Kg1 Kg7 40.
Kf1 Ra6 41. Kg1 Rb6 42. Qa4 Rb4 43. Qd1 Rb2 44. d4 Qb6 45. Qd3 a2 46. Qc3 Rb1+
47. Kg2 Rxa1 0-1

[Event "31. Open Villa de Benasque 2011"]
[Site "Benasque ESP"]
[Date "2011.07.08"]
[Round "2.10"]
[White "Oleksienko, Mikhailo"]
[Black "Iagar, Razvan-gabriel"]
[Result "1-0"]
[WhiteElo "2564"]
[BlackElo "2162"]
[PlyCount "115"]
[EventDate "2011.07.07"]
[EventType "swiss"]
[EventRounds "10"]
[EventCountry "ESP"]
[Source "lmi"]
[SourceDate "2011.07.07"]

1. d4 d5 2. c4 c6 3. Nf3 Nf6 4. Nc3 dxc4 5. a4 Bf5 6. Ne5 Nbd7 7. Nxc4 Qc7 8.
g3 e5 9. dxe5 Nxe5 10. Bf4 Nfd7 11. Bg2 f6 12. O-O Rd8 13. Qc1 Be6 14. Nd2 Bd6
15. Nde4 Be7 16. Nb5 Qb8 17. Nd4 Bd5 18. Nf5 Bf8 19. Rd1 Kf7 20. Qc3 h5 21. h4
g6 22. Ne3 Be6 23. b4 Be7 24. b5 Rc8 25. bxc6 Rxc6 26. Qb2 Rb6 27. Qd2 Rd8 28.
a5 Nc5 29. axb6 Rxd2 30. bxa7 Rxd1+ 31. Nxd1 Qa8 32. Nxc5 Bxc5 33. Bxb7 Qxa7
34. Rxa7 Bxa7 35. Be3 Bb8 36. Nc3 Bc4 37. f3 Bc7 38. Kf2 Be6 39. Nb5 Ba5 40.
Bd4 Bb4 41. Nc7 Bd6 42. Nxe6 Kxe6 43. Bc8+ Kf7 44. Ba6 Ke6 45. Bb5 Kf7 46. e4
Ke7 47. Ke3 Bb4 48. Ke2 Ba3 49. f4 Nf7 50. Bd3 Bd6 51. Kf3 g5 52. hxg5 fxg5 53.
e5 Ba3 54. Bg6 gxf4 55. gxf4 h4 56. Kg4 Bc1 57. Bxf7 Kxf7 58. f5 1-0

[Event "31. Open Villa de Benasque 2011"]
[Site "Benasque ESP"]
[Date "2011.07.09"]
[Round "3.1"]
[White "Saric, Ivan"]
[Black "Lopez Gracia, Fernando"]
[Result "1-0"]
[WhiteElo "2639"]
[BlackElo "2325"]
[PlyCount "73"]
[EventDate "2011.07.07"]
[EventType "swiss"]
[EventRounds "10"]
[EventCountry "ESP"]
[Source "lmi"]
[SourceDate "2011.07.07"]

1. e4 c6 2. Nc3 d5 3. Nf3 Bg4 4. h3 Bxf3 5. Qxf3 Nf6 6. d3 e6 7. Bd2 Nbd7 8. g4
b5 9. g5 b4 10. Nd1 Ng8 11. h4 Bd6 12. Ne3 Ne7 13. Ng4 a5 14. Bg2 Qb8 15. d4 a4
16. O-O Qc8 17. Qd3 Qb8 18. h5 Bf4 19. Rfe1 O-O 20. h6 g6 21. Rad1 Bxd2 22.
Qxd2 dxe4 23. Bxe4 f5 24. gxf6 Nxf6 25. Ne5 Nxe4 26. Rxe4 Rf5 27. Rde1 Qd6 28.
Ng4 Nd5 29. Rxe6 Qf4 30. Qxf4 Rxf4 31. R1e4 Rxe4 32. Rxe4 a3 33. bxa3 bxa3 34.
c4 Nc3 35. Re7 Rf8 36. Rg7+ Kh8 37. Ne5 1-0

[Event "31. Open Villa de Benasque 2011"]
[Site "Benasque ESP"]
[Date "2011.07.09"]
[Round "3.2"]
[White "Kovacevic, Slobodan"]
[Black "Petrosian, Tigran L"]
[Result "0-1"]
[WhiteElo "2325"]
[BlackElo "2636"]
[PlyCount "102"]
[EventDate "2011.07.07"]
[EventType "swiss"]
[EventRounds "10"]
[EventCountry "ESP"]
[Source "lmi"]
[SourceDate "2011.07.07"]

1. d4 Nf6 2. Nf3 e6 3. Bg5 c5 4. e3 Qb6 5. Qc1 Nc6 6. c3 h6 7. Bh4 g5 8. Bg3
Nh5 9. Be2 Nxg3 10. hxg3 Bg7 11. Nbd2 d5 12. Qc2 Bd7 13. Nb3 cxd4 14. exd4 Rc8
15. Qd3 Rc7 16. O-O Ne7 17. Nc5 Rxc5 18. dxc5 Qxc5 19. Nd4 Qb6 20. b4 h5 21.
Nb3 g4 22. Nc5 Nf5 23. Rab1 Nd6 24. Rfd1 Bc8 25. Re1 Qc6 26. Rbc1 b6 27. Nb3 e5
28. Red1 Be6 29. Qa6 Qc7 30. Nd2 Bh6 31. c4 Bxd2 32. Rxd2 d4 33. c5 Ne4 34.
Rdc2 O-O 35. Bd3 Nc3 36. Rxc3 dxc3 37. Rxc3 Rd8 38. Qa4 Rd4 39. a3 bxc5 40.
Qe8+ Kg7 41. Rxc5 Qd6 42. Be2 Re4 43. Qb5 Qd2 44. Rxe5 a6 45. Qc5 Qxe2 46. Rg5+
Kf6 47. Rxh5 Qd2 48. Qf8 Re1+ 49. Kh2 Qc1 50. Qd8+ Kg6 51. Qg8+ Kxh5 0-1

[Event "31. Open Villa de Benasque 2011"]
[Site "Benasque ESP"]
[Date "2011.07.09"]
[Round "3.3"]
[White "Colas Longares, Rafael P"]
[Black "Delchev, Aleksander"]
[Result "1-0"]
[WhiteElo "2316"]
[BlackElo "2622"]
[PlyCount "125"]
[EventDate "2011.07.07"]
[EventType "swiss"]
[EventRounds "10"]
[EventCountry "ESP"]
[Source "lmi"]
[SourceDate "2011.07.07"]

1. e4 c5 2. Nc3 e6 3. Nf3 a6 4. g3 b5 5. Bg2 Bb7 6. d3 d6 7. O-O Be7 8. Re1 Nd7
9. d4 b4 10. Na4 Ngf6 11. e5 dxe5 12. dxe5 Nd5 13. c4 bxc3 14. Nxc3 Nxc3 15.
bxc3 O-O 16. c4 Ra7 17. Bf4 h6 18. Rb1 Bc6 19. Nh4 Bxg2 20. Nxg2 Qa8 21. Qg4
Kh7 22. Qh5 Nb8 23. g4 Nc6 24. Be3 Nd4 25. Bxd4 cxd4 26. Rbd1 Qf3 27. Nh4 Qc3
28. g5 Bxg5 29. Nf3 Be7 30. Rxd4 Rb7 31. Rf4 g6 32. Qh3 Kg7 33. Qg3 Rb2 34. Kh1
Qc2 35. Rg1 g5 36. h4 Qxf2 37. hxg5 hxg5 38. Nxg5 Qxg3 39. Rxg3 Rh8+ 40. Nh7+
Kxh7 41. Rh3+ Kg6 42. Rxh8 Kg7 43. Rh3 Rb1+ 44. Kg2 Bc5 45. Rhf3 Rb7 46. Rg3+
Kf8 47. Rh3 Rb2+ 48. Kf1 Kg7 49. Rb3 Rxa2 50. Rb7 Kg6 51. Rbxf7 Kg5 52. R4f6
Bd4 53. Rg7+ Kh5 54. Rxe6 Rf2+ 55. Ke1 Rf5 56. Rd7 Bc3+ 57. Ke2 a5 58. Kd3 Rf3+
59. Ke4 Rf1 60. Rh7+ Kg5 61. Rg7+ Kh5 62. Re8 Kh6 63. Rg3 1-0

[Event "31. Open Villa de Benasque 2011"]
[Site "Benasque ESP"]
[Date "2011.07.09"]
[Round "3.5"]
[White "Stocek, Jiri"]
[Black "Arribas Robaina, Maritza"]
[Result "1-0"]
[WhiteElo "2596"]
[BlackElo "2292"]
[PlyCount "49"]
[EventDate "2011.07.07"]
[EventType "swiss"]
[EventRounds "10"]
[EventCountry "ESP"]
[Source "lmi"]
[SourceDate "2011.07.07"]

1. d4 d5 2. c4 c6 3. Nf3 Nf6 4. Nc3 e6 5. Bg5 Be7 6. e3 h6 7. Bh4 Nbd7 8. Bd3
O-O 9. O-O dxc4 10. Bxc4 c5 11. Bb3 cxd4 12. exd4 b6 13. Qe2 Bb7 14. Rad1 Bxf3
15. Qxf3 a6 16. Rfe1 Ra7 17. Bg3 b5 18. d5 exd5 19. Nxd5 Nxd5 20. Bxd5 Bf6 21.
Bc6 Re8 22. Rxe8+ Qxe8 23. Qd3 Qe6 24. Bxd7 Qxa2 25. b3 1-0

[Event "31. Open Villa de Benasque 2011"]
[Site "Benasque ESP"]
[Date "2011.07.09"]
[Round "3.6"]
[White "Toledano Llinares, Juan A"]
[Black "Burmakin, Vladimir"]
[Result "1/2-1/2"]
[WhiteElo "2309"]
[BlackElo "2579"]
[PlyCount "178"]
[EventDate "2011.07.07"]
[EventType "swiss"]
[EventRounds "10"]
[EventCountry "ESP"]
[Source "lmi"]
[SourceDate "2011.07.07"]

1. e4 c6 2. d4 d5 3. Nc3 dxe4 4. Nxe4 Nd7 5. Nf3 Ngf6 6. Nxf6+ Nxf6 7. Bc4 Bf5
8. Qe2 e6 9. Bg5 h6 10. Bh4 Qa5+ 11. c3 Be7 12. Ne5 Qc7 13. g4 Nxg4 14. Bg3
Nxe5 15. Bxe5 Bd6 16. Bxg7 Rg8 17. Bxh6 Bxh2 18. O-O-O O-O-O 19. Bd3 Bxd3 20.
Rxd3 Bf4+ 21. Bxf4 Qxf4+ 22. Qe3 Qf5 23. Qf3 Rd5 24. Qxf5 Rxf5 25. Rh2 Kd7 26.
Rd1 a5 27. Kd2 a4 28. Ke2 Kd6 29. Rh3 Rg4 30. b3 Re4+ 31. Re3 Ref4 32. Rf1 axb3
33. axb3 Ra5 34. Kd3 Ra3 35. b4 Ra2 36. f3 b5 37. Re4 Rf5 38. f4 Rh5 39. Rf3
Rhh2 40. f5 Rhd2+ 41. Ke3 exf5 42. Re5 Re2+ 43. Kf4 Rxe5 44. dxe5+ Ke6 45. Rd3
Rf2+ 46. Ke3 Rh2 47. Rd6+ Kxe5 48. Rxc6 Rh3+ 49. Kd2 Ke4 50. Rc5 Rd3+ 51. Ke2
f4 52. c4 f3+ 53. Kf2 Rd2+ 54. Kf1 Rd4 55. Rxb5 Rxc4 56. Rb8 Ke3 57. Re8+ Kf4
58. b5 Rb4 59. Rb8 Rb1+ 60. Kf2 Rb2+ 61. Kf1 f6 62. b6 Rb5 63. b7 Rb1+ 64. Kf2
f5 65. Rc8 Rb2+ 66. Kf1 Rxb7 67. Ra8 Rb1+ 68. Kf2 Rb2+ 69. Kf1 Rd2 70. Rb8 f2
71. Kg2 Re2 72. Ra8 f1=Q+ 73. Kxf1 Kf3 74. Rh8 Rf2+ 75. Kg1 f4 76. Rf8 Rb2 77.
Rf7 Rb1+ 78. Kh2 Re1 79. Rf8 Rf1 80. Ra8 Re1 81. Rf8 Re4 82. Kg1 Re7 83. Rf6
Re1+ 84. Kh2 Ke3 85. Kg2 Re2+ 86. Kf1 Rc2 87. Rf8 Kf3 88. Kg1 Rg2+ 89. Kf1 Rh2
1/2-1/2

[Event "31. Open Villa de Benasque 2011"]
[Site "Benasque ESP"]
[Date "2011.07.09"]
[Round "3.7"]
[White "Sanchez Gonzalez, Sergio"]
[Black "Oleksienko, Mikhailo"]
[Result "0-1"]
[WhiteElo "2302"]
[BlackElo "2564"]
[PlyCount "70"]
[EventDate "2011.07.07"]
[EventType "swiss"]
[EventRounds "10"]
[EventCountry "ESP"]
[Source "lmi"]
[SourceDate "2011.07.07"]

1. c4 e5 2. Nc3 Nf6 3. g3 Bb4 4. Bg2 O-O 5. d3 Bxc3+ 6. bxc3 Re8 7. e4 c6 8.
Ne2 d5 9. cxd5 cxd5 10. exd5 Nxd5 11. O-O Nc6 12. d4 exd4 13. cxd4 Bg4 14. Qb3
Bxe2 15. Bxd5 Qd7 16. Re1 Nxd4 17. Qxb7 Ba6 18. Qxa8 Rxa8 19. Bxa8 Nc2 20. Be3
Nxa1 21. Rxa1 h6 22. Rb1 Bc4 23. Be4 f5 24. Rb8+ Kh7 25. Bc2 a6 26. Rb4 Bxa2
27. g4 Be6 28. Rb6 Qc8 29. Bb1 Kg8 30. Bf4 Qc4 31. Rb8+ Kf7 32. Rb7+ Kf6 33.
gxf5 Bd5 34. Rb6+ Kf7 35. Be3 Qg4+ 0-1

[Event "31. Open Villa de Benasque 2011"]
[Site "Benasque ESP"]
[Date "2011.07.09"]
[Round "3.9"]
[White "Piasetski, Leon"]
[Black "Marin, Mihail"]
[Result "1/2-1/2"]
[WhiteElo "2289"]
[BlackElo "2548"]
[PlyCount "81"]
[EventDate "2011.07.07"]
[EventType "swiss"]
[EventRounds "10"]
[EventCountry "ESP"]
[Source "lmi"]
[SourceDate "2011.07.07"]

1. Nf3 Nf6 2. c4 c5 3. Nc3 e6 4. g3 b6 5. Bg2 Bb7 6. O-O a6 7. d4 cxd4 8. Qxd4
d6 9. Rd1 Nbd7 10. Bg5 Be7 11. Qd2 O-O 12. Bf4 Ne8 13. Rac1 Rc8 14. b3 h6 15.
g4 Qc7 16. h4 Ndf6 17. g5 Nh5 18. gxh6 g6 19. Bg5 Nef6 20. Qd4 Rb8 21. Ne1 Rfd8
22. Ne4 Bxe4 23. Bxe4 Nh7 24. Nf3 Bxg5 25. Nxg5 Qe7 26. Nxh7 Kxh7 27. Bf3 e5
28. Qg4 Kxh6 29. Rd2 f5 30. Qg5+ Qxg5+ 31. hxg5+ Kxg5 32. Bxh5 gxh5 33. Rcd1
Rbc8 34. Rxd6 Rxd6 35. Rxd6 b5 36. cxb5 axb5 37. Rd5 e4 38. Rxb5 Rc1+ 39. Kg2
Rc2 40. e3 Rxa2 41. Rb8 1/2-1/2

[Event "31. Open Villa de Benasque 2011"]
[Site "Benasque ESP"]
[Date "2011.07.10"]
[Round "4.1"]
[White "Naroditsky, Daniel"]
[Black "Saric, Ivan"]
[Result "1/2-1/2"]
[WhiteElo "2451"]
[BlackElo "2639"]
[PlyCount "64"]
[EventDate "2011.07.07"]
[EventType "swiss"]
[EventRounds "10"]
[EventCountry "ESP"]
[Source "lmi"]
[SourceDate "2011.07.07"]

1. e4 e5 2. Nf3 Nc6 3. Bb5 a6 4. Ba4 Nf6 5. O-O Be7 6. Re1 b5 7. Bb3 d6 8. c3
O-O 9. h3 Na5 10. Bc2 c5 11. d3 Nd7 12. Nbd2 Nb6 13. Nf1 Nc6 14. Ne3 Be6 15. d4
cxd4 16. cxd4 Nxd4 17. Nxd4 exd4 18. Qxd4 Rc8 19. Qd3 g6 20. Bb3 Rc5 21. Bd2
Nc4 22. Bb4 Rc6 23. Bc3 Nxe3 24. Qxe3 Bf6 25. Rac1 Bxc3 26. Rxc3 Rxc3 27. Qxc3
Qb6 28. Rd1 Re8 29. Bxe6 Rxe6 30. Qc8+ Kg7 31. Qc3+ Kg8 32. Qc8+ Kg7 1/2-1/2

[Event "31. Open Villa de Benasque 2011"]
[Site "Benasque ESP"]
[Date "2011.07.10"]
[Round "4.2"]
[White "Petrosian, Tigran L"]
[Black "Recuero Guerra, David"]
[Result "1-0"]
[WhiteElo "2636"]
[BlackElo "2441"]
[PlyCount "63"]
[EventDate "2011.07.07"]
[EventType "swiss"]
[EventRounds "10"]
[EventCountry "ESP"]
[Source "lmi"]
[SourceDate "2011.07.07"]

1. d4 Nf6 2. c4 e6 3. Nf3 d5 4. Nc3 dxc4 5. e4 Bb4 6. Bg5 c5 7. Bxc4 cxd4 8.
Nxd4 Qa5 9. Bb5+ Bd7 10. Bxf6 Bxb5 11. Nb3 Qc7 12. Bxg7 Rg8 13. Qh5 Rxg7 14.
Qxb5+ Nc6 15. g3 O-O-O 16. Rd1 f5 17. Rxd8+ Qxd8 18. exf5 a6 19. Qc4 exf5 20.
O-O Bd6 21. Rd1 Rg6 22. Nd4 Qd7 23. Nd5 Kb8 24. Nb6 Qc7 25. Nxc6+ Qxc6 26. Qxc6
bxc6 27. Nc4 Bc7 28. Rd7 h6 29. Re7 Kb7 30. f4 Rf6 31. Kf2 c5 32. Ne3 1-0